| 000 | 00438nam a2200157 i 4500 | ||
|---|---|---|---|
| 001 | 39440 | ||
| 003 | ES-MaACL | ||
| 005 | 20230906160000.0 | ||
| 007 | t| | ||
| 008 | 030303s1916 cu ||||1| spa d | ||
| 100 | 1 |
_aCanel, Eva. _934474 |
|
| 245 | 1 | 3 |
_aLa conciencia española ante el nuevo mundo (revisiones históricas) / _cEva Canel. |
| 260 |
_aHabana : _b[s.n.], _c1916. |
||
| 852 |
_aES-MaACL _j1492-F-4 |
||
| 852 |
_aES-MaACL _j1496-F-5 |
||
| 999 |
_c39440 _d39440 |
||